000 00548nam a22001932 4500
001 0000001571
005 20170406113536.0
008 140117s xx 000 0 eng d
020 _c$
040 _aYour Holding Symbol
_cYour Holding Symbol
100 1 _aWallis,J.P.R.
245 1 4 _aThe matabele jounals of roberty moffat 1829-1860.
250 _a ed.
260 _aSalisbury :
_bNational Archives of Rhodesia,
_c1976.
300 _a295 p. ;
_c cm.
504 _aindex.
650 0 _aRhodesian history.
908 _a140117
999 _c1483
_d1483